000
00470nam a2200181Ia 4500
008
090630s9999 xx 000 0 und d
082
_b
14568
100
_a
ओशो.
245
_a
साधना पथ.
_c
ओशो.
260
_b
रेबल - पुणे.
_c
1996
300
_a
388
600
_a
ओशो.
630
_a
साधना पथ.
655
_a
हिंदी.
700
_a
ओशो.
730
_a
साधना पथ.
942
_c
BOOK
999
_c
266424
_d
266424